LDR 00683naa#a2200169#i#450# 001 EN\\bibl\122401 005 20260705173031.7 011 ## _a2414-3995 100 ## _a20260311b2026####ek#y0engy0150####ca 102 ## _aRU 200 1# _aState integrity and sovereignty as objects of constitutional and legal support for state security _eJournal article 210 1# _aMoscow _cMoscow University of the Ministry of Internal Affairs of Russia named after V.Ya. Kikot _d2026 215 ## _a3 с. 608 ## _aJournal article _2local 675 ## _aВерховная власть. Суверенитет. Формы правления. 342.3 _z 700 #1 _aOpaleva _gMarina Aleksandrovna 856 4# _amosumvd.editorum.ru _u